General Knowledge 11 - Statistics

General Stats
  • This quiz has been taken 23 times
  • The average score is 7 of 15
Answer Stats
Hint Answer % Correct
What profession do Mario and Luigi (the computer games characters) have? Plumber
87%
What fashion designer is famous for her little black dresses? Coco Chanel
70%
What is the national sport of Australia? Cricket
70%
In what country are Skodas produced? Czech Republic
61%
Who wrote the soundtrack for star wars? John Williams
61%
What animal has the anagram of emanate? Manatee
57%
Who was the first female monarch of the UK? Mary I
57%
What is the NATO phonetic alphabet word for W? Whisky
57%
Which top pop artist named his first 3 albums after mathematical symbols? Ed Sheeran
48%
Largest cartilagenous fish? Whale shark
39%
What street in London is famous for selling suits? Savile Row
26%
What dessert literally translating as "white eat" contains milk sugar and gelatin? Blancmange
22%
In what country would you find the worlds largest salt plains? Bolivia
22%
In Bob the builder what is the name of the cement mixer? Dizzy
13%
Who developed the double slit experiments? Thomas Young
4%
No matching quizzes found
Score Distribution
Percent of People with Each Score
Percentile by Number Answered
Your Score History
You have not taken this quiz